LEADER 00993nam a2200193 i 4500 001 000000224617 003 CaOOAMICUS 005 20131106000000.0 008 131106s1768 it u000 u fre u 013 $a203515 026 $ae.de s-ea b.r. dule (3) 1768 (R) 040 $aSeMil$bita 245 10$aTome 2. 300 $a[2], 471, [35] p. 500 $aSegn. : pigreco1 A-3R4 3S2(-3S2). 773 0 $aGrotius, Hugo <1583-1645>$tDroit de la guerre et de la paix par Hugues Grotius. Nouvelle traduction, par Jean Barbeyrac ... Avec les notes de l'auteur meme, qui n'avoient point encore paru en francois; & de nuovelles notes du traducteur. Tome 1. [-2.].$bEdition nouvelle, faite d'après un exemplaire considérablement corrigé, retouché, & augmenté de la main de Mr. J. Barbeyrac.$dBasle : Chez Emanuel Tourneisen, 1768.$g2$w()6141 850 $aSeMil 852 $aSeMil$W1$xVenegono$y1$m2R V 8 FA$j174963$B174963$CSeMilBibl$Z2$F184962 $8I 996 $6245$aTome 2$9(OLS)http://semarc/title/1533 LEADER 01248nam a2200289 i 4500 001 000000238291 003 CaOOAMICUS 005 20150127000000.0 008 150127s2009 it u000 u ita u 013 $a217196 020 $a978-88-7402-464-3 040 $aSeMil$bita 100 1 $aMilitello, Cettina,$d<1945- >.$0(OLS)http://semarc/name/4199 245 10$aVolti e storie :$bdonne e teologia in Italia /$cCettina Militello ; a cura di Agnese Maria Fortuna. 260 $aCantalupa (TO) :$bEffatà,$c2009. 300 $a315 p. ;$c21 cm. 490 0 $aSui generis ;$v4 650 4$aTeologi - Biografie.$0(OLS)http://semarc/subject/278 650 4$aTeologhe - Sec. 20.-21.$0(OLS)http://semarc/subject/28943 700 1 $aFortuna, Agnese Maria.$0(OLS)http://semarc/name/81215 830 0$aSui generis ;$v4.$0(OLS)http://semarc/title/32243 850 $aSeMil 852 $aSeMil$W1$xVenegono$y1$m2D II 319$j188637$B188637$CSeMilBibl$Z2$F199564 $81 961 $aLascito: Serenthà don Mario 996 $6020$a978-88-7402-464-3$9(OLS)http://semarc/number/243889 996 $6245$aVolti e storie :$bdonne e teologia in Italia$9(OLS)http://semarc/title/339560 996 $6260$aCantalupa (TO) :$bEffatà$9(OLS)http://semarc/publisher/32483 LEADER 01145nam a2200265 i 4500 001 000000068277 003 CaOOAMICUS 005 20030320000000.0 008 030320s1998 it u000 u ita u 013 $a39449 020 $a88-384-2847-6 040 $aSeMil$bita 100 1 $aNegri, Luigi,$c.$0(OLS)http://semarc/name/10368 245 10$aFalse accuse alla Chiesa :$bquando la verità smaschera i pregiudizi /$cLuigi Negri. 250 $a5. edizione. 260 $aCasale Monferrato (AL) :$bPiemme,$c1998. 300 $a247 p. ;$c22 cm. 500 $aContiene : Bibliografia essenziale. - Dono di mons. Antonio Rimoldi. 650 4$aChiesa - Storia - Studi.$0(OLS)http://semarc/subject/2119 850 $aSeMil 852 $aSeMil$W1$xVenegono$y1$m3A III 72$j34430$B34430$CSeMilBibl$Z2$F34433 $81 961 $aOmaggio: Rimoldi mons. Antonio 996 $6020$a88-384-2847-6$9(OLS)http://semarc/number/46427 996 $6245$aFalse accuse alla Chiesa :$bquando la verità smaschera i pregiudizi$9(OLS)http://semarc/title/108965 996 $6260$aCasale Monferrato (AL) :$bPiemme$9(OLS)http://semarc/publisher/30052